MARC details
| 000 -CABECERA |
| campo de control de longitud fija |
00980nam a2200253 a 4500 |
| 005 - FECHA Y HORA DE LA ÚLTIMA TRANSACCIÓN |
| campo de control |
20251201101447.0 |
| 008 - ELEMENTOS DE LONGITUD FIJA--INFORMACIÓN GENERAL |
| campo de control de longitud fija |
030625s1948 mx r 000 0 spa d |
| 035 ## - NÚMERO DE CONTROL DEL SISTEMA |
| Número de control de sistema |
UPN01000126795 |
| 049 ## - COLECCIÓN |
| Colección |
CG |
| 050 #4 - SIGNATURA TOPOGRÁFICA DE LA BIBLIOTECA DEL CONGRESO |
| Número de clasificación |
LB2003 |
| Número de documento/Ítem |
E8.4 |
| 100 1# - ASIENTO PRINCIPAL--NOMBRE PERSONAL |
| Nombre de persona |
Escarpit, Robert Georges, |
| Fechas asociadas al nombre |
1918-2000 |
| 9 (RLIN) |
37662 |
| 245 13 - MENCIÓN DE TÍTULO |
| Título |
La Escuela Normal Superior de París / |
| Mención de responsabilidad, etc. |
Robert G. Escarpit. |
| 260 ## - PUBLICACIÓN, DISTRIBUCIÓN, ETC. |
| Lugar de publicación, distribución, etc. |
México : |
| Nombre del editor, distribuidor, etc. |
SEP : |
| -- |
Escuela Normal Superior, |
| Fecha de publicación, distribución, etc. |
1948. |
| 440 #0 - MENCIÓN DE SERIE/ASIENTO SECUNDARIO--TÍTULO |
| Título |
Del panorama internacional ; |
| Designación de volumen o secuencia |
3 |
| 501 ## - NOTA DE "CON" |
| Nota de “Con” |
Con: La educación superior en la URSS / Víctor Manuel Villaseñor -- La educación fundamental en China / S. Y. Chu |
| 650 #4 - ASIENTO SECUNDARIO DE MATERIA - TERMINO TEMATICO |
| Término de materia o nombre geográfico como elemento de entrada |
Educación normal |
| Subdivisión geográfica |
Francia |
| 9 (RLIN) |
18667 |
| 650 #4 - ASIENTO SECUNDARIO DE MATERIA - TERMINO TEMATICO |
| Término de materia o nombre geográfico como elemento de entrada |
EDUCACION SUPERIOR - |
| Subdivisión geográfica |
RUSIA |
| 9 (RLIN) |
15557 |
| 650 #4 - ASIENTO SECUNDARIO DE MATERIA - TERMINO TEMATICO |
| Término de materia o nombre geográfico como elemento de entrada |
EDUCACION PRIMARIA - |
| Subdivisión geográfica |
CHINA (REPUBLICA POPULAR CHINA, 1949- ) |
| 9 (RLIN) |
18490 |
| 700 1# - ASIENTO SECUNDARIO--NOMBRE DE PERSONAL |
| Nombre de persona |
Villaseñor, Víctor Manuel |
| 700 1# - ASIENTO SECUNDARIO--NOMBRE DE PERSONAL |
| Nombre de persona |
Chu, S. Y. |
| 740 3# - ASIENTO SECUNDARIO - TÍTULOS RELACIONADOS /ANALITICOS NO CONTROLADOS |
| Título relacionado o analítico no controlado |
La educación superior en la URSS |
| 740 3# - ASIENTO SECUNDARIO - TÍTULOS RELACIONADOS /ANALITICOS NO CONTROLADOS |
| Título relacionado o analítico no controlado |
La educación fundamental en China |
| 905 ## - TIPO DE MATERIAL |
| Tipo de material |
Libro |